La música en la educación preescolar

Gorde:
Xehetasun bibliografikoak
Egile nagusia: Kreusch-Jacob, Dorothée (Egilea)
Formatua: Liburua
Hizkuntza:gaztelania
Argitaratua: Madrid Anaya 1982
Saila:Ciencias de la educación
Gaiak:
Etiketak: Etiketa erantsi
Etiketarik gabe, Izan zaitez lehena erregistro honi etiketa jartzen!

MARC

LEADER 00000nam a2200000 a 4500
001 UCZ0671
003 CL-VaPUC
005 20241025145842.0
008 950809e19820000SP |||||||||||||||||spa|d
999 |c 237582  |d 237580 
040 |c Pontificia Universidad Católica de Valparaíso 
082 0 4 |a 372.87  |b KRE  |2 21 
100 0 |a Kreusch-Jacob, Dorothée  |e author  |9 343750 
245 1 3 |a La música en la educación preescolar 
260 |a Madrid  |b Anaya  |c 1982 
300 |a 127 p 
490 0 |a Ciencias de la educación 
583 |a last modification  |c 19950809 00:00:00  |k Rodrigo Vera 
650 0 |a Enseñanza de la música  |9 339802 
650 0 |a Instrumentos musicales  |9 306600 
650 0 |a Canciones  |2 CL-VaPUC  |9 306659 
650 0 |a Danza  |9 328568 
650 0 |a Niños de edad preescolar  |2 CL-VaPUC  |9 335607 
942 |c BK  |2 ddc 
945 |d 19950809 00:00:00  |a mfernand 
952 |0 0  |1 0  |4 0  |6 372_870000000000000_KRE_1982  |7 0  |8 P  |9 246919  |a BIBEDU  |b BIBEDU  |c BIBEDU_PB  |d 2019-11-18  |i 1553763  |o 372.87 KRE 1982  |p 1553763  |r 2024-01-25  |w 2019-11-18  |y BK  |k EDU 
952 |0 0  |1 0  |4 0  |6 372_870000000000000_KRE_1982  |7 0  |8 P  |9 246920  |a BIBEDU  |b BIBEDU  |c BIBEDU_PB  |d 2019-11-18  |i 1553771  |o 372.87 KRE 1982  |p 1553771  |r 2024-01-25  |w 2019-11-18  |y BK  |k EDU